Представление документа в формате RUSMARC

ПолеНазваниеЗначение
  Тип записи c
  Библиографический уровень m
001 Контрольный номер RU/УОНБ/EK_N/644429608
005 Дата корректировки 20250520122810.9
010 Индекс ISBN __
9 Тираж 3000 экз.
013 Номер (ISMN) __
d Цена 90 к.
071 Издательские номер (звукозапись и ноты) 21
a Номер, присвоенный агентством 12814
100 Данные общей обработки __
a Данные общей обработки 20200602d1985 u y0rusy0189||||ca
101 Язык документа 0_
a Язык текста rus
f Язык титульного листа rus
102 Страна публикации __
a Страна публикации RU
105 Кодированные данные (монография) __
a Кодированные данные (монография) y###||||000|y
125 Кодированные данные звукозаписи и нотных изданий __
a Форма изложения нотного текста с|
128 Кодированные данные (звукозаписи-физические характеристики) __
a Кодированные данные: Музыкальная форма и тональность или лад ccn
b Инструменты или голоса, необходимые для ансамблей (устаревшее) ka||
c Инструменты или голоса, рекомендуемые для солистов (устаревшее) vu||
200 Заглавие и сведения об ответственности 1_
a Заглавие О Ленине
b Общее обозначение материала Ноты
e Сведения, относящиеся к заглавию вокал. сочинения сов. композиторов для голоса в сопровожд. фп.
f Первые сведения об ответственности сост. М. Краснов
210 Выходные данные 1_
a Место издания Москва
c Издательство Музыка
d Дата издания 1985
215 Физическое описание __
a Объем 63 с.
d Формат 29 см
327 Примечание о содержании 11
a Примечание о содержании Содерж. : Асафьев Б. Песня о Ленине / сл. А. Чуркина. - Белый В. Ленин жив! / сл. В. Маяковского ; День рождения Ленина / сл. С. Щипачева. - Хачатурян А. Песня сердца / сл. А. Граши и С. Михалкова. - Долуханян А. Ленинский век / сл. В. Пухначева. - Коваль М. Над родным Симбирском / сл. Л. Ошанина. - Мурадели В. Ленин в Шушенском / сл. Ю. Каменецкого. - Туликов С. Зовет Ильич с броневика / сл. А. Гангова ; Я думаю о Ленине / сл. В. Лазарева. - Новиков А. Ленина помнит земля / сл. Л. Ошанина ; Застава Ильича / сл. Я. Шведова. - Ботяров Е. Ходоки / сл. Н. Заболоцкого. - Энке В. Ленинский портрет / сл. К. Ваншенкина. - Бабаджанян А. Песня об Ульяновске / сл. Р. Рождественского. - Флярковский А. Ленинское знамя / сл. Л. Дербенева. - Фельцман О. Ленин - с нами! / сл. М. Матусовского.
464 Аналитический уровень _0
1 2001
a Песня о Ленине
e Цветет, поднимается край наш огромный...
1 700 1
a Асафьев
b Б.
1 702 1
a Чуркин
b А.
4 520
464 Аналитический уровень _0
1 2001
a Ленин жив!
e Строит, рушит, кроит и рвет...
1 700 1
a Белый
b В.
1 702 1
a Маяковский
b В.
4 520
464 Аналитический уровень _0
1 2001
a Песня сердца
e Я песней сердца славлю тебя, земля...
1 700 1
a Хачатурян
b А.
1 702 1
a Граши
b А.
4 520
1 702 1
a Михалков
b С.
4 520
464 Аналитический уровень _0
1 2001
a Ленинский век
e На пике высоком...
1 700 1
a Долуханян
b А.
1 702 1
a Пухначев
b В.
4 520
464 Аналитический уровень _0
1 2001
a Над родным Симбирском
e Над родным Симбирском...
1 700 1
a Коваль
b М.
1 702 1
a Ошанин
b Л.
4 520
464 Аналитический уровень _0
1 2001
a Ленин в Шушенском
e Над Шушенским полночь...
1 700 1
a Мурадели
b В.
1 702 1
a Каменецкий
b Ю.
4 520
464 Аналитический уровень _0
1 2001
a Зовет Ильич с броневика
e Это время вечно будет с нами...
1 700 1
a Туликов
b С.
1 702 1
a Гангов
b А.
4 520
464 Аналитический уровень _0
1 2001
a Ленина помнит земля
e Ленина помнят рассветы и весны...
1 700 1
a Новиков
b А.
1 702 1
a Ошанин
b Л.
4 520
464 Аналитический уровень _0
1 2001
a Ходоки
e В зипунах домашнего покроя...
1 700 1
a Ботяров
b Е.
1 702 1
a Заболоцкий
b Н.
4 520
464 Аналитический уровень _0
1 2001
a Ленинский портрет
e Наверно, нет в России дома...
1 700 1
a Энке
b В.
1 702 1
a Ваншенкин
b К.
4 520
464 Аналитический уровень _0
1 2001
a Песня об Ульяновске
e Года проходят за годами...
1 700 1
a Бабаджанян
b А.
1 702 1
a Рождественский
b Р.
4 520
464 Аналитический уровень _0
1 2001
a Ленинское знамя
e С каждым годом ярче наши весны...
1 700 1
a Флярковский
b А.
1 702 1
a Дербенев
b Л.
4 520
464 Аналитический уровень _0
1 2001
a Ленин - с нами!
e В памяти нашей вовек не умрет...
1 700 1
a Фельцман
b О.
1 702 1
a Матусовский
b М.
4 520
464 Аналитический уровень _0
1 2001
a День рождения Ленина
e Над крутизною желтых косогоров...
1 700 1
a Белый
b В.
1 702 1
a Щипачев
b С.
4 520
464 Аналитический уровень _0
1 2001
a Я думаю о Ленине
e Я чувствую биенье века нашего...
1 700 1
a Туликов
b С.
1 702 1
a Лазарев
b В.
4 520
464 Аналитический уровень _0
1 2001
a Застава Ильича
e Где сталь шумит потоком...
1 700 1
a Новиков
b А.
1 702 1
a Шведов
b Я.
4 520
512 Заглавие обложки 1_
a Заглавие обложки О Ленине
600 Персоналии _1
a Персоналии (Фамилия) Ленин, Владимир Ильич
606 Тематические рубрики 0_
a Основная рубрика Песни советских композиторов
x Основная подрубрика Песни о Ленине
610 Ключевые слова 0_
a Ключевые слова песни советских композиторов
610 Ключевые слова 0_
a Ключевые слова песни о Ленине
610 Ключевые слова 0_
a Ключевые слова Ленин В. И.
686 Индексы других классификаций __
a Классификационный индекс 85.943.4-42-041(2)я43
2 Код системы rubbk
702 Вторичная интеллектуальная ответственность _1
a Фамилия Краснов
b Имя (инициалы) М. В.
4 Код отношения 220
801 Источник записи _0
a Страна RU
b Организация Ульяновская ОНБ
c Дата составления 20200602
g Правила каталогизации RCR
801 Источник записи _1
a Страна RU
b Организация Ульяновская ОНБ
c Дата составления 20200602
g Правила каталогизации RCR
901 Тип документа __
t Тип документа m
909 Создатель записи __
a Создатель записи Грязнова И. Е.
938 Служебная информация __
a Имя БД noti
b Имя библиотеки УОНБ
c Имя АИБС МАРК-SQL
d Номер DOC_ID в БД 22328